<?xml version="1.0" encoding="UTF-8"?>
<marc:record xmlns:marc="http://www.loc.gov/MARC21/slim">
   <marc:leader>00000nam a2200000 a 4500</marc:leader>
   <marc:datafield ind1="0" ind2="0" tag="245">
      <marc:subfield code="a">Vincent van Gogh</marc:subfield>
   </marc:datafield>
   <marc:datafield ind1="0" ind2="0" tag="245">
      <marc:subfield code="b">Ein Leben in Leidenschaft; Extras: Audiokommentar, Kinotrailer</marc:subfield>
   </marc:datafield>
   <marc:datafield ind1="1" ind2=" " tag="520">
      <marc:subfield code="a">Mit Kirk Douglas in der Hauptrolle verfilmte Vincente Minnelli die bewegte Lebensgeschichte des genialen Vincent Van Gogh: die aufregenden Tage in den Kreisen der Pariser Impressionisten, die hoffnungslose Liebe zu seiner Cousine, seine Freundschaft zu Paul Gauguin, seine besessene Sucht nach Vollkommenheit, in seiner Kunst und sein tragisches Ende in der Psychiatrie von St. Remy.</marc:subfield>
   </marc:datafield>
   <marc:datafield ind1=" " ind2=" " tag="020">
      <marc:subfield code="a">1921669888</marc:subfield>
      <marc:subfield code="9">1921669888</marc:subfield>
   </marc:datafield>
</marc:record>
